| 000 | 00786nam a22001937a 4500 | ||
|---|---|---|---|
| 999 |
_c62709 _d62709 |
||
| 003 | Ge_BSU | ||
| 005 | 20250128171914.0 | ||
| 008 | 250128s2007 ge ||||| |||| 00| 0 geo d | ||
| 020 | _a9992843810 | ||
| 041 | _ageo | ||
| 080 | _a37.01 ბ-29 | ||
| 100 |
_aბასილაძე, ნოდარ _924156 |
||
| 245 |
_aჰუმანიზმის პედაგოგიკა : _b[წერილები და სტატიები] / _cნოდარ ბასილაძე; [რედ. შოთა ზოიძე]. |
||
| 264 |
_aბათუმი : _bალიონი, _c2007. |
||
| 300 |
_a322 გვ. ; _b20 სმ. |
||
| 653 | _aპედაგოგიკა | ||
| 653 | _aჰუმანიზმის აღზრდა | ||
| 942 |
_2udc _cᲬᲘᲒᲜᲘ |
||